000 00355nam a22001337a 4500
003 SGT
020 _a9788170589327
082 _a301.2
_bA10D
100 _aदलाल, ए. एस
245 _aआंतरिक रूप से जीना
260 _bश्री अरविन्द आश्रम
_c2010
300 _a211
942 _2ddc
_cBK
999 _c29541
_d29541